Capitals Starting with 'S' - Statistics

General Stats
  • This quiz has been taken 296 times
    263 since last reset
  • The average score is 16 of 18
Answer Stats
Continent Capital % Correct
Europe Stockholm
96%
South America Santiago
95%
Asia Seoul
93%
Europe San Marino
92%
Europe Sarajevo
92%
North America San Salvador
91%
South America Sucre
90%
North America Santo Domingo
87%
Asia Singapore
87%
Europe Sofia
87%
North America San José
85%
Europe Skopje
85%
Asia Sana'a
82%
Oceania Suva
82%
North America Saint George's
80%
North America Saint John's
80%
Africa São Tomé
78%
Asia Sri Jayawardenepura Kotte
69%
No matching quizzes found
Score Distribution
Percent of People with Each Score
Percentile by Number Answered
Your Score History
You have not taken this quiz since the last reset